The and times of Shakespeare (Record no. 130226)
[ view plain ]
| 000 -LEADER | |
|---|---|
| fixed length control field | 00529nam a22001697a 4500 |
| 008 - FIXED-LENGTH DATA ELEMENTS--GENERAL INFORMATION | |
| fixed length control field | 200130b ||||| |||| 00| 0 eng d |
| 050 ## - LIBRARY OF CONGRESS CALL NUMBER | |
| Classification number | L. PR2894.R6313 |
| 100 ## - MAIN ENTRY--PERSONAL NAME | |
| Personal name | Rosignoli, Maria Pia |
| 9 (RLIN) | 49179 |
| 245 ## - TITLE STATEMENT | |
| Title | The and times of Shakespeare |
| Statement of responsibility, etc | Maria Pia Rosignoli |
| 260 ## - PUBLICATION, DISTRIBUTION, ETC. (IMPRINT) | |
| Place of publication, distribution, etc | London |
| Name of publisher, distributor, etc | Paul Hamlyn |
| Date of publication, distribution, etc | 1968 |
| 300 ## - PHYSICAL DESCRIPTION | |
| Extent | 75p. ; |
| Dimensions | 30cm. |
| 440 ## - SERIES STATEMENT/ADDED ENTRY--TITLE | |
| Title | Potraits of greatness |
| 9 (RLIN) | 49180 |
| 600 ## - SUBJECT ADDED ENTRY--PERSONAL NAME | |
| Personal name | Shakespeare, William |
| 9 (RLIN) | 15960 |
| 700 ## - ADDED ENTRY--PERSONAL NAME | |
| Personal name | Orlandi, Enzo (ed.) |
| 9 (RLIN) | 49181 |
| 700 ## - ADDED ENTRY--PERSONAL NAME | |
| Personal name | Kanani, Mary (tr.) |
| 9 (RLIN) | 49182 |
| 942 ## - ADDED ENTRY ELEMENTS (KOHA) | |
| Source of classification or shelving scheme | Library of Congress Classification |
| Item type | Monograph ( Printed materials) |
| Withdrawn status | Lost status | Source of classification or shelving scheme | Damaged status | Not for loan | Collection code | Home library | Current library | Shelving location | Date acquired | Total Checkouts | Full call number | Barcode | Date last seen | Price effective from | Koha item type |
|---|---|---|---|---|---|---|---|---|---|---|---|---|---|---|---|
| Library of Congress Classification | Main Collection | ARRUPE LIBRARY | ARRUPE LIBRARY | Main Collection | 30/01/2020 | L. PR2894.R6313 | 46600006676 | 30/01/2020 | 30/01/2020 | Monograph ( Printed materials) |